000 00910nam a2200253Ia 4500
003 OSt
005 20220923212553.0
006 a|||||r|||| 00| 0
007 ta
008 220922b |||||||| |||| 00| 0 hin d
024 _a154,133
037 _cTextual
040 _aARTS
_cARTS
_bhin
041 _2hin
_ahin
082 _aO1591v, 152L2
100 _aउपाध्याय, कृष्णदेव
245 0 _aभोजपुरी साहित्य का इतिहास
246 _aBhojapurī sāhitya kā itihāsa
260 _aवाराणसी
_b भारतीय लोक संस्कृति शोध संस्थान
_c1972
300 _a420 पृ.
_ccm.
650 _aहिन्दी साहित्य
_9156264
942 _hO1591v, 152L2
_cTEXL
_2CC
999 _c309761
_d309761